<?xml version="1.0" encoding="UTF-8"?>
<record
    xmlns:xsi="http://www.w3.org/2001/XMLSchema-instance"
    xsi:schemaLocation="http://www.loc.gov/MARC21/slim http://www.loc.gov/standards/marcxml/schema/MARC21slim.xsd"
    xmlns="http://www.loc.gov/MARC21/slim">

  <leader>02249cam a22002775ab4500</leader>
  <controlfield tag="001">11653207</controlfield>
  <controlfield tag="005">20160420131925.0</controlfield>
  <controlfield tag="008">150619t2015    nyua   frb    001 2 eng d</controlfield>
  <datafield tag="020" ind1=" " ind2=" ">
    <subfield code="a">9781259587122</subfield>
  </datafield>
  <datafield tag="020" ind1=" " ind2=" ">
    <subfield code="a">1259587126</subfield>
  </datafield>
  <datafield tag="040" ind1=" " ind2=" ">
    <subfield code="a">BIP US</subfield>
    <subfield code="d">WaSeSS</subfield>
    <subfield code="d">EG-ScBUE</subfield>
    <subfield code="b">eng</subfield>
  </datafield>
  <datafield tag="082" ind1="0" ind2="4">
    <subfield code="2">22</subfield>
    <subfield code="a">624.2</subfield>
    <subfield code="b">ARM</subfield>
  </datafield>
  <datafield tag="100" ind1="1" ind2=" ">
    <subfield code="a">Armouti, Nazzal S.</subfield>
    <subfield code="9">39877</subfield>
  </datafield>
  <datafield tag="245" ind1="1" ind2="0">
    <subfield code="a">Earthquake engineering :</subfield>
    <subfield code="b">theory and implementation with the 2015 international building code /</subfield>
    <subfield code="c">Nazzal S. Armouti.</subfield>
  </datafield>
  <datafield tag="250" ind1=" " ind2=" ">
    <subfield code="a">3rd ed.</subfield>
  </datafield>
  <datafield tag="260" ind1=" " ind2=" ">
    <subfield code="a">New York : </subfield>
    <subfield code="b">McGraw-Hill Education,</subfield>
    <subfield code="c">c.2015</subfield>
  </datafield>
  <datafield tag="300" ind1=" " ind2=" ">
    <subfield code="a">xvii, 520  p. :</subfield>
    <subfield code="b">ill. ;</subfield>
    <subfield code="c">24 cm.</subfield>
  </datafield>
  <datafield tag="500" ind1=" " ind2=" ">
    <subfield code="a">Index : p. 515-520.</subfield>
  </datafield>
  <datafield tag="504" ind1=" " ind2=" ">
    <subfield code="a">bibliography : p. 507-511.</subfield>
  </datafield>
  <datafield tag="506" ind1=" " ind2=" ">
    <subfield code="a">License restrictions may limit access.</subfield>
  </datafield>
  <datafield tag="520" ind1="8" ind2=" ">
    <subfield code="a">Annotation</subfield>
    <subfield code="b">Fully updated coverage of earthquake-resistant engineering techniques, regulations, and codesThis thoroughly revised resource offers cost-effective earthquake engineering methods and practical instruction on underlying structural dynamics concepts. Earthquake Engineering, Third Edition, teaches how to analyze the behavior of structures under seismic excitation and features up-to-date details on the design and construction of earthquake-resistant steel and reinforced concrete buildings, bridges, and isolated systems. All applicable requirements are fully explained--including the 2015 International Building Code and the latest ACI, AISC, and AASHTO codes and regulations. Advanced chapters cover seismic isolation, synthetic earthquakes, foundation design, and geotechnical aspects such as liquefaction.Earthquake Engineering, Third Edition, covers:Characteristics of earthquakesLinear elastic dynamic analysisNonlinear and inelastic dynamic analysisBehavior of structures under seismic excitationDesign of earthquake-resistant buildings (IBC)Seismic provisions of reinforced concrete structures (ACI code)Introduction to seismic provisions of steel structures (AISC code)Design of earthquake-resistant bridges (AASHTO code)Geotechnical aspects and foundationsSynthetic earthquakesIntroduction to seismic isolation</subfield>
  </datafield>
  <datafield tag="650" ind1=" " ind2="7">
    <subfield code="2">BUEsh</subfield>
    <subfield code="a">Earthquake engineering.</subfield>
    <subfield code="9">39878</subfield>
  </datafield>
  <datafield tag="653" ind1=" " ind2=" ">
    <subfield code="b">BUSADM</subfield>
    <subfield code="b">ENGGEN</subfield>
    <subfield code="c">April2016</subfield>
  </datafield>
  <datafield tag="910" ind1=" " ind2=" ">
    <subfield code="a">Bowker Global Books in Print record</subfield>
  </datafield>
  <datafield tag="942" ind1=" " ind2=" ">
    <subfield code="2">ddc</subfield>
  </datafield>
  <datafield tag="999" ind1=" " ind2=" ">
    <subfield code="c">21667</subfield>
    <subfield code="d">21639</subfield>
  </datafield>
  <datafield tag="952" ind1=" " ind2=" ">
    <subfield code="0">0</subfield>
    <subfield code="1">0</subfield>
    <subfield code="2">ddc</subfield>
    <subfield code="4">0</subfield>
    <subfield code="7">0</subfield>
    <subfield code="8">Alahram</subfield>
    <subfield code="a">MAIN</subfield>
    <subfield code="b">MAIN</subfield>
    <subfield code="c">1ST</subfield>
    <subfield code="d">2016-04-20</subfield>
    <subfield code="e">Purchase</subfield>
    <subfield code="g">1216.00</subfield>
    <subfield code="l">3</subfield>
    <subfield code="m">20</subfield>
    <subfield code="o">624.2 ARM</subfield>
    <subfield code="p">000032391</subfield>
    <subfield code="r">2025-07-15 00:00:00</subfield>
    <subfield code="s">2019-09-05</subfield>
    <subfield code="v">1520.00</subfield>
    <subfield code="y">BB</subfield>
  </datafield>
</record>
